000 00374nam a22001577a 4500
003 OSt
020 _a8126503645
040 _c0
082 _222
_a005.133
100 _aJosuttis, Nicolai M.
245 _aObject-oriented programming in c++ /
260 _aNew Delhi,
_bWiley,
_cc2003.
300 _axii, 610 p. ;
_bill. ;
_c23 cm.
942 _2ddc
_cIT
_023
999 _c335
_d335
999 _c389
_d389